<?xml version="1.0" encoding="UTF-8"?>
<marc:record xmlns:marc="http://www.loc.gov/MARC21/slim">
   <marc:leader>00000nam a2200000 a 4500</marc:leader>
   <marc:datafield ind1="1" ind2=" " tag="100">
      <marc:subfield code="a">Kinney, Jeff</marc:subfield>
      <marc:subfield code="4">aut</marc:subfield>
      <marc:subfield code="e">Verfasser/-in</marc:subfield>
   </marc:datafield>
   <marc:datafield ind1=" " ind2=" " tag="653">
      <marc:subfield code="a">Antolin</marc:subfield>
   </marc:datafield>
   <marc:datafield ind1=" " ind2=" " tag="653">
      <marc:subfield code="a">Klasse-5</marc:subfield>
   </marc:datafield>
   <marc:datafield ind1="0" ind2="0" tag="245">
      <marc:subfield code="a">Gregs Tagebuch</marc:subfield>
   </marc:datafield>
   <marc:datafield ind1="0" ind2="0" tag="245">
      <marc:subfield code="b">Von Idioten umzingelt!</marc:subfield>
   </marc:datafield>
   <marc:datafield ind1=" " ind2="1" tag="264">
      <marc:subfield code="b">Baumhaus-Verlag</marc:subfield>
      <marc:subfield code="c">2008</marc:subfield>
   </marc:datafield>
   <marc:datafield ind1="1" ind2=" " tag="490">
      <marc:subfield code="a">Ein Baumhaus-Comic-Roman</marc:subfield>
   </marc:datafield>
   <marc:datafield ind1="1" ind2=" " tag="520">
      <marc:subfield code="a">Rez.: "Die Idee ist gut, doch die Welt noch nicht bereit". Dieses Tocotronic-Diktum könnte zusammenfassend für Gregs Einfälle stehen, deren Genialität und Praktikabilität seine Umwelt weder zu erfassen noch zu würdigen weiß. Am wenigsten seine pädagogisch wertvollen Eltern, die den Vorzug von Computerspielen nicht begreifen und nur Schnapsideen für Greg auf Lager haben: Theater-AG, Bewegung an der frischen Luft ... Auch sein Freund Rupert macht es ihm nicht immer leicht: Kommst du heute zu mir zum Spielen? fragt Rupert an der neuen Schule. Greg möchte explodieren, denn in der Junior High School heißt es nicht mehr spielen, sondern abhängen. In loser Abfolge nach Wochentagen erzählt Greg aus der Ich-Perspektive die hochgradig komischen Abenteuer eines Schuljahres. Seine Umwelt hat ab und an unter Greg zu leiden, jedoch bekommt er stets die Kurve, bevor er nur noch fies wäre. Der Untertitel "Comic-Roman" trifft die Mischung aus Fließtext in Comic-Schrift und witzigen Zeichnungen gut. Ein Knaller, im Besonderen für Jungs ab 12, auch für ungeübte Leser gut geeignet. Allen Bibliotheken sehr empfohlen. (Tilman Köber)</marc:subfield>
   </marc:datafield>
   <marc:datafield ind1=" " ind2=" " tag="020">
      <marc:subfield code="a">9783833936326</marc:subfield>
      <marc:subfield code="9">9783833936326</marc:subfield>
   </marc:datafield>
</marc:record>
